[Event "Torneo Scheveningen"]
[Site "Torino ITA"]
[Date "2010.01.06"]
[Round "5"]
[White "Gallucci, Alessio"]
[Black "Mrdja, Milan"]
[Result "0-1"]
[WhiteElo "2161"]
[BlackElo "2392"]
[PlyCount "120"]
[EventDate "2010.01.03"]

1. e4 g6 2. d4 Bg7 3. Be3 c5 4. c3 cxd4 5. Bxd4 Nf6 6. g4 Nc6 7. g5 Nh5 8. Bxg7
Nxg7 9. Ne2 d6 10. Nd4 e5 11. Nb5 O-O 12. h4 Ne8 13. Bh3 a6 14. N5a3 Nc7 15.
Nc4 Bxh3 16. Rxh3 Ne6 17. Ne3 Nf4 18. Rg3 Kh8 19. Na3 b5 20. Nac2 f5 21. exf5
gxf5 22. h5 d5 23. Ng2 Ne6 24. g6 Ra7 25. h6 hxg6 26. Rxg6 Qe8 27. Nh4 Nf4 28.
Rg7 Rxg7 29. hxg7+ Kxg7 30. Ne3 Ne7 31. Qf3 Qh5 32. Qxh5 Nxh5 33. a4 b4 34.
cxb4 Nf4 35. b5 a5 36. O-O-O Kf6 37. Nf3 Rc8+ 38. Kd2 d4 39. Nc2 Ned5 40. Rh1
d3 41. Na3 Ng6 42. Rc1 Rxc1 43. Kxc1 e4 44. Ne1 Ne5 45. b3 f4 46. Nb1 f3 47.
Nd2 Kf5 48. b4 Nxb4 49. b6 Nbc6 50. Kd1 Kf4 51. Nf1 Nc4 52. b7 Nb2+ 53. Kd2
Nxa4 54. Ne3 Nc5 55. Nd5+ Ke5 56. Ne7 Nb8 57. Ng6+ Kd4 58. Nh4 Nb3+ 59. Kd1 a4
60. Nhxf3+ exf3 0-1

[Event "Torneo Scheveningen"]
[Site "Torino ITA"]
[Date "2010.01.06"]
[Round "5"]
[White "Molina, Fabrizio"]
[Black "Vuelban, Virgilio"]
[Result "0-1"]
[WhiteElo "2228"]
[BlackElo "2353"]
[PlyCount "62"]
[EventDate "2010.01.03"]

1. Nf3 b6 2. g3 Bb7 3. Bg2 e6 4. d4 Nf6 5. O-O Be7 6. c4 O-O 7. Nc3 Ne4 8. Nxe4
Bxe4 9. Nh4 Bxg2 10. Nxg2 d6 11. e4 d5 12. Qe2 Nc6 13. Rd1 Qd7 14. Nf4 dxc4 15.
Qxc4 e5 16. Nd5 Nxd4 17. Qxc7 Nf3+ 18. Kg2 Nh4+ 19. Kg1 Qh3 20. Nxe7+ Kh8 21.
gxh4 Qg4+ 22. Kf1 Qxd1+ 23. Kg2 Qg4+ 24. Kf1 Qxe4 25. Kg1 Qe1+ 26. Kg2 Rad8 27.
Bg5 Qxa1 28. Nf5 Qxa2 29. h5 Qd5+ 30. Kg3 Rd7 31. h6 Qd3+ 0-1

[Event "Torneo Scheveningen"]
[Site "Torino ITA"]
[Date "2010.01.06"]
[Round "5"]
[White "Pepino, Enrico"]
[Black "Voiska, Margarita"]
[Result "1/2-1/2"]
[WhiteElo "2167"]
[BlackElo "2325"]
[PlyCount "44"]
[EventDate "2010.01.03"]

1. e4 c5 2. Nf3 Nc6 3. d4 cxd4 4. Nxd4 e5 5. Nb5 d6 6. N1c3 a6 7. Na3 Be7 8.
Nc4 b5 9. Ne3 Nf6 10. Bd3 O-O 11. O-O Rb8 12. a3 b4 13. axb4 Nxb4 14. Bc4 Be6
15. b3 Qc8 16. Ba3 a5 17. Bxb4 axb4 18. Ncd5 Nxd5 19. Nxd5 Bd8 20. Ra6 Qc5 21.
Qd3 Bxd5 22. Qxd5 Bb6 1/2-1/2

[Event "Torneo Scheveningen"]
[Site "Torino ITA"]
[Date "2010.01.06"]
[Round "5"]
[White "Pulito, Alberto"]
[Black "Naumkin, Igor"]
[Result "0-1"]
[WhiteElo "2283"]
[BlackElo "2484"]
[PlyCount "55"]
[EventDate "2010.01.03"]

1. e4 e6 2. d4 d5 3. e5 c5 4. c3 Nc6 5. Nf3 Qb6 6. a3 c4 7. g3 Bd7 8. Bh3 Be7
9. O-O h5 10. Ne1 g5 11. f4 g4 12. Bg2 f6 13. Qe2 O-O-O 14. Nc2 h4 15. Ne3 hxg3
16. hxg3 fxe5 17. fxe5 Nh6 18. Nd2 Nxd4 19. cxd4 Qxd4 20. Rf4 Qb6 21. b4 Nf5
22. Ndxc4 dxc4 23. Qf2 Bc6 24. Rxc4 Kb8 25. Bxc6 bxc6 26. Ra2 Nxe3 27. Qxe3
Rd1+ 28. Kg2 0-1

[Event "Torneo Scheveningen"]
[Site "Torino ITA"]
[Date "2010.01.07"]
[Round "6"]
[White "Ljubisavljevic, Zivojin Z."]
[Black "Pulito, Alberto"]
[Result "1-0"]
[WhiteElo "2296"]
[BlackElo "2283"]
[PlyCount "63"]
[EventDate "2010.01.03"]

1. d4 d5 2. c3 Nf6 3. Bg5 e6 4. Nd2 Be7 5. Bxf6 Bxf6 6. e4 dxe4 7. Nxe4 Be7 8.
f4 Nd7 9. Nf3 Nf6 10. Nxf6+ gxf6 11. g3 Bd7 12. Bg2 Bc6 13. O-O Qd6 14. f5
O-O-O 15. Qe2 Rhe8 16. Rae1 Bf8 17. fxe6 fxe6 18. Nh4 Bxg2 19. Qxg2 c5 20. Rxf6
cxd4 21. Nf5 Qc5 22. cxd4 Qd5 23. Qxd5 Rxd5 24. Rxf8 Rxf8 25. Ne7+ Kd7 26. Nxd5
exd5 27. Re5 Kd6 28. Rh5 Rf7 29. Rh6+ Kc7 30. h4 b6 31. b4 Kd7 32. b5 1-0

[Event "Torneo Scheveningen"]
[Site "Torino ITA"]
[Date "2010.01.07"]
[Round "6"]
[White "Voiska, Margarita"]
[Black "Gallucci, Alessio"]
[Result "1-0"]
[WhiteElo "2325"]
[BlackElo "2161"]
[PlyCount "71"]
[EventDate "2010.01.03"]

1. Nf3 Nf6 2. d4 d5 3. e3 e6 4. c4 Be7 5. Nbd2 O-O 6. Bd3 b6 7. O-O c5 8. b3
Na6 9. Bb2 Nb4 10. Bb1 dxc4 11. bxc4 Ba6 12. Qa4 Qc8 13. dxc5 bxc5 14. a3 Nc6
15. Qc2 g6 16. Qc3 Rb8 17. Bc2 Qc7 18. Ba4 Na5 19. Rab1 Bb7 20. Qe5 Qc8 21.
Rfc1 h6 22. h4 Kh7 23. Qc3 Qc7 24. Qc2 Nc6 25. Qc3 Ba8 26. Ba1 Qa5 27. Qxa5
Nxa5 28. Rxb8 Rxb8 29. Ne5 Ne4 30. Nxe4 Bxe4 31. Bc3 Bd8 32. Nxf7 Nxc4 33. Nxd8
Nb6 34. Bc6 Nd5 35. Bxd5 exd5 36. Ne6 1-0

[Event "Torneo Scheveningen"]
[Site "Torino ITA"]
[Date "2010.01.07"]
[Round "6"]
[White "Vuelban, Virgilio"]
[Black "Castaldo, Folco"]
[Result "1/2-1/2"]
[WhiteElo "2353"]
[BlackElo "2401"]
[PlyCount "43"]
[EventDate "2010.01.03"]

1. e4 c5 2. Nf3 g6 3. d4 cxd4 4. Nxd4 Nc6 5. c4 Nf6 6. Nc3 d6 7. Be2 Nxd4 8.
Qxd4 Bg7 9. Be3 O-O 10. Qd2 a5 11. O-O a4 12. Rab1 Qa5 13. f3 Be6 14. Rfc1 Rfc8
15. b4 axb3 16. axb3 Qb4 17. Nd5 Nxd5 18. cxd5 Qxd2 19. Bxd2 Bd4+ 20. Kf1 Bd7
21. Rxc8+ Rxc8 22. Rc1 1/2-1/2

[Event "Torneo Scheveningen"]
[Site "Torino ITA"]
[Date "2010.01.08"]
[Round "7"]
[White "Castaldo, Folco"]
[Black "Mrdja, Milan"]
[Result "1/2-1/2"]
[WhiteElo "2401"]
[BlackElo "2392"]
[PlyCount "30"]
[EventDate "2010.01.03"]

1. e4 c5 2. Nc3 Nc6 3. g3 g6 4. Bg2 Bg7 5. d3 d6 6. f4 e6 7. Nf3 Nge7 8. O-O
O-O 9. Be3 Nd4 10. Bf2 Nec6 11. Rb1 Rb8 12. Ne2 b6 13. c3 Nxf3+ 14. Bxf3 Bb7
15. Qd2 Qd7 1/2-1/2

[Event "Torneo Scheveningen"]
[Site "Torino ITA"]
[Date "2010.01.08"]
[Round "7"]
[White "Gallucci, Alessio"]
[Black "Naumkin, Igor"]
[Result "0-1"]
[WhiteElo "2161"]
[BlackElo "2484"]
[PlyCount "88"]
[EventDate "2010.01.03"]

1. e4 e6 2. d4 d5 3. Nc3 Bb4 4. e5 Ne7 5. a3 Bxc3+ 6. bxc3 b6 7. h4 Ba6 8. Bxa6
Nxa6 9. h5 h6 10. Qd3 Nb8 11. Ne2 Nbc6 12. g4 Qd7 13. f4 f6 14. exf6 gxf6 15.
g5 O-O-O 16. g6 Kb7 17. Ng3 f5 18. Nf1 Rhg8 19. Nd2 Nxg6 20. hxg6 Rxg6 21. Nf3
Rdg8 22. Be3 Rg2 23. a4 Na5 24. Ne5 Qe7 25. Bf2 h5 26. Qh3 Qe8 27. Kf1 Nc6 28.
Qxh5 Nxe5 29. fxe5 R8g6 30. Qe2 a5 31. Qf3 Qc6 32. Rh3 R2g4 33. Qd3 Qd7 34. Qf3
Qc6 35. Qd3 Qd7 36. Rh1 Qd8 37. Qf3 Qg5 38. c4 Rf4 39. Qh3 Rxf2+ 40. Kxf2 Qd2+
41. Kf1 Rg4 42. Rh2 Rf4+ 43. Kg1 Qxd4+ 44. Kg2 Rf2+ 0-1

[Event "Torneo Scheveningen"]
[Site "Torino ITA"]
[Date "2010.01.08"]
[Round "7"]
[White "Molina, Fabrizio"]
[Black "Voiska, Margarita"]
[Result "1/2-1/2"]
[WhiteElo "2228"]
[BlackElo "2325"]
[PlyCount "30"]
[EventDate "2010.01.03"]

1. c4 Nf6 2. Nc3 g6 3. e4 d6 4. Nge2 Bg7 5. g3 c5 6. Bg2 Nc6 7. d3 O-O 8. O-O
Bg4 9. h3 Bxe2 10. Nxe2 Ne8 11. Rb1 Nc7 12. Be3 Ne6 13. Kh2 Rb8 14. a3 a5 15.
Qd2 Ned4 1/2-1/2

[Event "Torneo Scheveningen"]
[Site "Torino ITA"]
[Date "2010.01.08"]
[Round "7"]
[White "Pepino, Enrico"]
[Black "Ljubisavljevic, Zivojin Z."]
[Result "1-0"]
[WhiteElo "2167"]
[BlackElo "2296"]
[PlyCount "65"]
[EventDate "2010.01.03"]

1. e4 d5 2. exd5 Nf6 3. d4 Nxd5 4. Nf3 Bg4 5. Be2 e6 6. O-O Be7 7. c4 Nb6 8.
Be3 O-O 9. Nc3 Nc6 10. b3 Bf6 11. Ne4 Be7 12. Nc5 Rb8 13. Qd2 Bxc5 14. dxc5
Qxd2 15. Bxd2 Nd7 16. b4 Bxf3 17. Bxf3 Nde5 18. Bc3 Nxf3+ 19. gxf3 f6 20. Rfd1
Rbd8 21. b5 Nb8 22. Ba5 b6 23. Bb4 bxc5 24. Bxc5 Rfe8 25. Bxa7 Nd7 26. c5 Ne5
27. f4 Nd3 28. a4 Nxf4 29. Rxd8 Rxd8 30. b6 cxb6 31. cxb6 Rd7 32. a5 Nd3 33.
Rd1 1-0

[Event "Torneo Scheveningen"]
[Site "Torino ITA"]
[Date "2010.01.08"]
[Round "7"]
[White "Pulito, Alberto"]
[Black "Vuelban, Virgilio"]
[Result "0-1"]
[WhiteElo "2283"]
[BlackElo "2353"]
[PlyCount "59"]
[EventDate "2010.01.03"]

1. e4 c5 2. a3 e6 3. b4 b6 4. Bb2 Bb7 5. e5 Nh6 6. b5 d5 7. d4 Nd7 8. Nf3 Nf5
9. Bd3 Nxd4 10. Nxd4 cxd4 11. Bxd4 Bc5 12. c3 Qc7 13. f4 g5 14. Nd2 Bxd4 15.
cxd4 Qc3 16. Ke2 Qxd4 17. Nf3 Qb2+ 18. Qd2 Qxd2+ 19. Kxd2 gxf4 20. Rac1 Nc5 21.
Nd4 Rg8 22. Rhg1 Rg5 23. Rce1 Ke7 24. Nf3 Rg7 25. h4 Rag8 26. Re2 h6 27. Bc2
Rg3 28. Ne1 Ne4+ 29. Bxe4 dxe4 30. Rf1 0-1

[Event "Torneo Scheveningen"]
[Site "Torino ITA"]
[Date "2010.01.09"]
[Round "8"]
[White "Mrdja, Milan"]
[Black "Pulito, Alberto"]
[Result "1/2-1/2"]
[WhiteElo "2392"]
[BlackElo "2283"]
[PlyCount "148"]
[EventDate "2010.01.03"]

1. e4 e6 2. d4 d5 3. Nc3 Bb4 4. e5 c5 5. a3 Bxc3+ 6. bxc3 Ne7 7. Nf3 Nbc6 8. a4
Qa5 9. Qd2 f6 10. Bb5 fxe5 11. Nxe5 O-O 12. Ba3 Nxe5 13. dxe5 Qc7 14. O-O a6
15. Bd3 Bd7 16. Qe3 Rac8 17. c4 Nf5 18. Qe1 d4 19. a5 Bc6 20. Bc1 Qe7 21. f3
Qe8 22. Rb1 Kh8 23. Bd2 Qd8 24. Rb6 Qh4 25. Qxh4 Nxh4 26. Bg5 Nf5 27. Re1 Rc7
28. Reb1 h6 29. Bd2 Rd8 30. Kf2 Rdd7 31. h3 g5 32. Re1 Kg7 33. Bc1 Rf7 34. Ba3
Nh4 35. Be2 Rf5 36. Bd3 Rff7 37. Rf1 Nf5 38. Bxc5 Bxf3 39. Bd6 Nxd6 40. exd6
Bc6+ 41. Kg1 Rxf1+ 42. Kxf1 Rf7+ 43. Kg1 Kf6 44. c5 Ke5 45. Bxa6 Kd5 46. Be2
Kxc5 47. Bf3 e5 48. Bxc6 bxc6 49. Rb8 Kxd6 50. Rh8 Ra7 51. Rxh6+ Kd5 52. Rg6
Rxa5 53. Rxg5 Ra2 54. h4 Rxc2 55. h5 d3 56. Rg8 Kc4 57. Rd8 e4 58. h6 e3 59. h7
e2 60. h8=Q e1=Q+ 61. Kh2 Qe4 62. Qg8+ Kc3 63. Qg7+ Kd2 64. Qg5+ Kd1 65. Rf8
Re2 66. Rf1+ Re1 67. Rf5 Re2 68. Ra5 Ke1 69. Ra1+ Kf2 70. Qc5+ Re3 71. Qf8+ Rf3
72. Ra2+ Ke1 73. Qxf3 Qxf3 74. gxf3 d2 1/2-1/2

[Event "Torneo Scheveningen"]
[Site "Torino ITA"]
[Date "2010.01.09"]
[Round "8"]
[White "Naumkin, Igor"]
[Black "Molina, Fabrizio"]
[Result "1-0"]
[WhiteElo "2484"]
[BlackElo "2228"]
[PlyCount "105"]
[EventDate "2010.01.03"]

1. d4 d5 2. c4 c6 3. Nf3 Nf6 4. Nc3 dxc4 5. a4 Bf5 6. e3 e6 7. Bxc4 Bb4 8. O-O
O-O 9. Nh4 Nbd7 10. f3 Bg6 11. Nxg6 hxg6 12. e4 e5 13. Be3 Qa5 14. Qe2 exd4 15.
Bxd4 Bc5 16. Bxc5 Qxc5+ 17. Kh1 Qh5 18. Ba2 Rad8 19. Rad1 Ne5 20. Qe3 b6 21. b4
Qh6 22. Qxh6 gxh6 23. b5 cxb5 24. Nxb5 Nd3 25. Kg1 Nb2 26. Rxd8 Rxd8 27. e5 Nd7
28. f4 Nc5 29. Nd6 Nbxa4 30. f5 gxf5 31. Bxf7+ Kg7 32. Bd5 Nc3 33. Nxf5+ Kh7
34. Bf7 Ne2+ 35. Kf2 Rf8 36. e6 Nxe6 37. Bxe6 Nd4 38. Bd7 Rf7 39. Ke3 Nc2+ 40.
Kd2 Rxd7+ 41. Kxc2 Kg6 42. Ne3 Rd6 43. Kc3 Kg5 44. Rf7 Re6 45. Kd4 a5 46. Rg7+
Kf6 47. Rb7 a4 48. Nd5+ Kf5 49. Rf7+ Kg6 50. Ra7 Kf5 51. Rg7 Re4+ 52. Kd3 Re1
53. g4+ 1-0

[Event "Torneo Scheveningen"]
[Site "Torino ITA"]
[Date "2010.01.09"]
[Round "8"]
[White "Voiska, Margarita"]
[Black "Castaldo, Folco"]
[Result "1/2-1/2"]
[WhiteElo "2325"]
[BlackElo "2401"]
[PlyCount "29"]
[EventDate "2010.01.03"]

1. d4 e6 2. Nf3 f5 3. g3 Nf6 4. Bg2 Be7 5. O-O O-O 6. c4 Ne4 7. Nfd2 Nxd2 8.
Nxd2 Bf6 9. Nf3 d6 10. Qc2 e5 11. dxe5 dxe5 12. e4 fxe4 13. Qxe4 Nc6 14. h4 Qe8
15. Ng5 1/2-1/2

[Event "Torneo Scheveningen"]
[Site "Torino ITA"]
[Date "2010.01.09"]
[Round "8"]
[White "Vuelban, Virgilio"]
[Black "Pepino, Enrico"]
[Result "1-0"]
[WhiteElo "2353"]
[BlackElo "2167"]
[PlyCount "83"]
[EventDate "2010.01.03"]

1. e4 d6 2. d4 Nf6 3. Nc3 g6 4. f4 Bg7 5. Nf3 O-O 6. Bd3 Na6 7. O-O c5 8. d5
Bg4 9. Bc4 Nc7 10. h3 Bxf3 11. Qxf3 Nd7 12. Rd1 Rb8 13. a4 b6 14. Nb5 Ra8 15.
Qd3 Nf6 16. Re1 Nfe8 17. Ra2 a6 18. Nc3 Qc8 19. e5 Rb8 20. Ra3 Kh8 21. Rb3 Qb7
22. Be3 Qa8 23. Bf2 b5 24. axb5 axb5 25. Nxb5 Nxb5 26. Bxb5 Nc7 27. Bc4 Rxb3
28. cxb3 Qd8 29. Bh4 f6 30. Bg3 fxe5 31. fxe5 dxe5 32. Rxe5 Ne8 33. Qe3 Bxe5
34. Bxe5+ Nf6 35. g4 Qd7 36. g5 Qf5 37. gxf6 exf6 38. Bc3 Ra8 39. Kg2 Ra1 40.
Qe8+ Kg7 41. Qe7+ Kh6 42. Qf8+ 1-0

[Event "Torneo Scheveningen"]
[Site "Torino ITA"]
[Date "2010.01.09"]
[Round "9"]
[White "Gallucci, Alessio"]
[Black "Vuelban, Virgilio"]
[Result "0-1"]
[WhiteElo "2161"]
[BlackElo "2353"]
[PlyCount "110"]
[EventDate "2010.01.03"]

1. e4 e5 2. d4 exd4 3. Qxd4 Nc6 4. Qe3 Nf6 5. Nc3 Bb4 6. Bd2 O-O 7. O-O-O Re8
8. Qg3 Rxe4 9. a3 Rg4 10. Qh3 Bxc3 11. Qxc3 Ne4 12. Qf3 d5 13. Bf4 Qf6 14. Ne2
Be6 15. Bg3 Qg5+ 16. Bf4 Rxf4 17. Nxf4 Bg4 18. Rxd5 Bxf3 19. Rxg5 Nxg5 20. gxf3
Rd8 21. h4 Nxf3 22. Bg2 Nfd4 23. Rd1 Ne6 24. Nd5 Kf8 25. Rd2 Ncd4 26. Nb4 c6
27. Nd3 g6 28. b4 Nf5 29. h5 gxh5 30. Bh3 Nfd4 31. f4 Ke7 32. Rh2 Ng7 33. Nc5
b6 34. Nd3 Kf6 35. Ne5 Nge6 36. c3 Nb5 37. Kb2 Nxf4 38. Nxc6 Rd6 39. Rf2 Kg5
40. Bf1 Nxc3 41. Ne5 Nd1+ 42. Kb3 Rf6 43. Rd2 Ne3 44. Ba6 Nfd5 45. Bb7 Rf5 46.
Nc6 h4 47. Nd4 Rf1 48. Ne2 Nf4 49. Nc3 f5 50. Rd7 h5 51. Ba6 Rf3 52. Bb7 Rg3
53. Ka4 Nc4 54. Kb3 Nxa3 55. Rg7+ Kf6 0-1

[Event "Torneo Scheveningen"]
[Site "Torino ITA"]
[Date "2010.01.09"]
[Round "9"]
[White "Pepino, Enrico"]
[Black "Mrdja, Milan"]
[Result "1/2-1/2"]
[WhiteElo "2167"]
[BlackElo "2392"]
[PlyCount "97"]
[EventDate "2010.01.03"]

1. e4 d5 2. exd5 Qxd5 3. Nc3 Qa5 4. d4 Nf6 5. Nf3 c6 6. Bc4 Bg4 7. Bd2 Qc7 8.
h3 Bxf3 9. Qxf3 e6 10. Ne4 Nxe4 11. Qxe4 Nd7 12. Bb3 Be7 13. c3 a6 14. O-O O-O
15. Rad1 Rad8 16. Rfe1 Nf6 17. Qf3 Rd7 18. Bc2 Rfd8 19. Bc1 Nd5 20. a3 b5 21.
h4 c5 22. dxc5 Qxc5 23. g3 Qc8 24. Qe4 g6 25. Qf3 Nf6 26. Bg5 Rxd1 27. Rxd1
Rxd1+ 28. Qxd1 Qc7 29. Bxf6 Bxf6 30. Qf3 Kg7 31. Qe4 h5 32. Kg2 Qd6 33. Qd3 Qc7
34. Qe4 Qc5 35. Qd3 Be5 36. Qe4 Bc7 37. Qe2 Bb6 38. Be4 Qc7 39. Bc2 e5 40. Bb3
Qc5 41. Qf3 Qe7 42. Qd5 Qc7 43. Kf3 Bc5 44. Ke2 Qe7 45. Bc2 Bb6 46. Bb1 Qf6 47.
Qf3 Qe6 48. Qb7 Qf6 49. Qf3 1/2-1/2

[Event "Torneo Scheveningen"]
[Site "Torino ITA"]
[Date "2010.01.09"]
[Round "9"]
[White "Pulito, Alberto"]
[Black "Voiska, Margarita"]
[Result "1/2-1/2"]
[WhiteElo "2283"]
[BlackElo "2325"]
[PlyCount "35"]
[EventDate "2010.01.03"]

1. e4 c5 2. c3 e6 3. d4 d5 4. exd5 exd5 5. Nf3 Nc6 6. Bb5 Bd6 7. dxc5 Bxc5 8.
O-O Nge7 9. Nbd2 O-O 10. Nb3 Bb6 11. Re1 Bg4 12. Be3 Bc7 13. Bc5 Re8 14. h3
Bxf3 15. Qxf3 Bd6 16. Bxd6 Qxd6 17. Rad1 a6 18. Bf1 1/2-1/2

[Event "Torneo Scheveningen"]
[Site "Torino ITA"]
[Date "2010.01.10"]
[Round "10"]
[White "Voiska, Margarita"]
[Black "Pepino, Enrico"]
[Result "1/2-1/2"]
[WhiteElo "2325"]
[BlackElo "2167"]
[PlyCount "20"]
[EventDate "2010.01.03"]

1. d4 Nf6 2. Nf3 g6 3. g3 Bg7 4. Bg2 O-O 5. O-O d6 6. a4 Nbd7 7. a5 a6 8. Nc3
Rb8 9. e4 e5 10. h3 exd4 1/2-1/2

[Event "XXXII Weekend A Epifania"]
[Site "Torino ITA"]
[Date "2010.01.03"]
[Round "2"]
[White "De Barberis, Massimo"]
[Black "Miglietta, Manuel"]
[Result "1/2-1/2"]
[WhiteElo "2067"]
[BlackElo "1961"]
[PlyCount "96"]
[EventDate "2010.01.03"]

1. e4 e6 2. d4 d5 3. e5 c5 4. c3 Nc6 5. Nf3 Qb6 6. a3 Nh6 7. b4 cxb4 8. cxb4
Nf5 9. Be3 Be7 10. Bd3 Nxe3 11. fxe3 f5 12. exf6 Bxf6 13. Nc3 O-O 14. O-O Bd7
15. Rc1 Ne7 16. Qd2 Qd6 17. Ne2 e5 18. dxe5 Bxe5 19. Nxe5 Qxe5 20. Nd4 Rxf1+
21. Rxf1 Re8 22. Qf2 g6 23. Qf7+ Kh8 24. Qf6+ Qxf6 25. Rxf6 Nc8 26. Rf7 Nb6 27.
Kf2 Kg8 28. Rf6 Nc4 29. Bxc4 dxc4 30. Ke2 Rc8 31. Rf1 a5 32. bxa5 Ra8 33. Rb1
Rxa5 34. Rxb7 Bg4+ 35. Kd2 Rxa3 36. h3 Rd3+ 37. Kc2 Bd1+ 38. Kc1 Bb3 39. Nxb3
cxb3 40. e4 Rg3 41. Kd1 Re3 42. Kd2 Rxe4 43. Rxb3 h5 44. Re3 Rd4+ 45. Ke2 Kf7
46. Kf3 Kf6 47. Ra3 Rd6 48. h4 Rb6 1/2-1/2

[Event "XXXII Weekend A Epifania"]
[Site "Torino ITA"]
[Date "2010.01.03"]
[Round "2"]
[White "Ravazzolo, Gaia"]
[Black "Artero, Carlo"]
[Result "1-0"]
[WhiteElo "1694"]
[BlackElo "1816"]
[PlyCount "67"]
[EventDate "2010.01.03"]

1. d4 d5 2. Nf3 Nf6 3. c4 c6 4. Nc3 e6 5. cxd5 exd5 6. Qc2 Bd6 7. Bg5 Nbd7 8.
e3 Qc7 9. Bd3 a6 10. O-O h6 11. Bh4 b5 12. Rfc1 Bb7 13. Ne2 O-O-O 14. Bg3 Bxg3
15. Nxg3 h5 16. b4 h4 17. Ne2 Nb6 18. Nc3 Nc4 19. a4 Rdg8 20. e4 g5 21. exd5
Nxd5 22. Bxc4 bxc4 23. Ne4 g4 24. Ne5 f5 25. Nc5 g3 26. fxg3 hxg3 27. h3 f4 28.
Qxc4 Re8 29. Nxa6 Qh7 30. Nxc6 Bxc6 31. Qxc6+ Nc7 32. Qxc7+ Qxc7 33. Rxc7+ Kd8
34. Rac1 1-0

[Event "XXXII Weekend A Epifania"]
[Site "Torino ITA"]
[Date "2010.01.04"]
[Round "3"]
[White "Finocchiaro, Gianluca"]
[Black "Melone, Antonio"]
[Result "1/2-1/2"]
[WhiteElo "2041"]
[BlackElo "1973"]
[PlyCount "35"]
[EventDate "2010.01.03"]

1. e4 c6 2. c4 d5 3. exd5 cxd5 4. cxd5 Nf6 5. Nc3 Nxd5 6. Nf3 e6 7. d4 Be7 8.
Bd3 O-O 9. O-O a6 10. a3 b5 11. Qc2 g6 12. Nxd5 exd5 13. Bh6 Re8 14. Ne5 Bf6
15. f4 Qb6 16. Qf2 Nc6 17. Nxc6 Qxc6 18. f5 1/2-1/2

[Event "XXXII Weekend A Epifania"]
[Site "Torino ITA"]
[Date "2010.01.04"]
[Round "3"]
[White "Giacometto, Mario"]
[Black "Davi, Alessandro"]
[Result "0-1"]
[WhiteElo "1963"]
[BlackElo "2043"]
[PlyCount "96"]
[EventDate "2010.01.03"]

1. g3 Nf6 2. Bg2 g6 3. Nf3 Bg7 4. O-O O-O 5. d4 d6 6. Re1 c5 7. c3 a6 8. dxc5
dxc5 9. Qxd8 Rxd8 10. Be3 Nbd7 11. h3 Nd5 12. Bg5 h6 13. e4 Nxc3 14. Nxc3 hxg5
15. Nxg5 Bxc3 16. bxc3 Nf8 17. Rad1 Bd7 18. e5 Rab8 19. Bd5 Ne6 20. h4 Nxg5 21.
hxg5 Ba4 22. Bb3 Bb5 23. Rxd8+ Rxd8 24. Rd1 Rd3 25. Rxd3 Bxd3 26. Bd5 b5 27. a3
e6 28. Bb7 a5 29. Ba6 a4 30. f4 Kf8 31. Kf2 Ke7 32. Ke3 Bc4 33. Kd2 Kd7 34. Bb7
Bd5 35. Ba6 Kc6 36. Bc8 Bc4 37. Ba6 Kb6 38. Bc8 b4 39. cxb4 cxb4 40. axb4 Kc7
41. Kc3 Bb5 42. Bxe6 fxe6 43. g4 Bc6 44. b5 Bxb5 45. f5 exf5 46. gxf5 gxf5 47.
g6 Be8 48. g7 Bf7 0-1

[Event "XXXII Weekend A Epifania"]
[Site "Torino ITA"]
[Date "2010.01.05"]
[Round "4"]
[White "Davi, Alessandro"]
[Black "Fassio, Luca"]
[Result "0-1"]
[WhiteElo "2043"]
[BlackElo "2066"]
[PlyCount "86"]
[EventDate "2010.01.03"]

1. c4 g6 2. Nc3 Bg7 3. g3 d6 4. Bg2 Nf6 5. e4 c5 6. Nge2 Nc6 7. O-O O-O 8. h3
e5 9. d3 Be6 10. a3 Qd7 11. Kh2 Ne8 12. f4 exf4 13. Nxf4 Rb8 14. Rb1 a6 15. a4
Nc7 16. Nfd5 Bxd5 17. exd5 Ne5 18. Ne4 f5 19. Ng5 Kh8 20. b4 cxb4 21. Rxb4 b5
22. cxb5 axb5 23. Rh4 h6 24. axb5 Kg8 25. Ne6 Nxe6 26. dxe6 Qxe6 27. d4 Nf7 28.
g4 Qf6 29. Qe1 Qxd4 30. gxf5 Qe5+ 31. Bf4 Qxe1 32. Rxe1 g5 33. Rg4 h5 34. f6
hxg4 35. fxg7 Kxg7 36. Bd2 gxh3 37. Bxh3 Rxb5 38. Re2 Ne5 39. Bc3 Kg6 40. Bg2
Ng4+ 41. Kg3 Nf6 42. Re3 Rb3 43. Bc6 Rc8 0-1

[Event "XXXII Weekend A Epifania"]
[Site "Torino ITA"]
[Date "2010.01.05"]
[Round "4"]
[White "Dritsakos, Alessio"]
[Black "Cortese, Alessandro"]
[Result "0-1"]
[WhiteElo "1930"]
[BlackElo "1686"]
[PlyCount "62"]
[EventDate "2010.01.03"]

1. e4 e6 2. d4 d5 3. Nc3 Bb4 4. e5 c5 5. a3 Bxc3+ 6. bxc3 Ne7 7. h4 Nbc6 8. h5
Qa5 9. Bd2 Bd7 10. Nf3 h6 11. Qb1 O-O-O 12. Qb2 f6 13. Rb1 Qc7 14. Bf4 g5 15.
exf6 gxf4 16. fxe7 Rde8 17. Bb5 Rxe7 18. Bxc6 Bxc6 19. Ne5 Rg8 20. Qc1 cxd4 21.
cxd4 Be8 22. Qxf4 Rxg2 23. Qf8 Qxc2 24. Rxb7 Rxb7 25. Qxe8+ Kc7 26. Qd7+ Kb6
27. Qxe6+ Ka5 28. Qxd5+ Ka4 29. Qc6+ Qxc6 30. Nxc6 Rb1+ 31. Ke2 Rxh1 0-1

[Event "XXXII Weekend A Epifania"]
[Site "Torino ITA"]
[Date "2010.01.06"]
[Round "5"]
[White "Barbiso, Tiziana"]
[Black "Barletta, Mauro"]
[Result "1/2-1/2"]
[WhiteElo "1973"]
[BlackElo "2216"]
[PlyCount "67"]
[EventDate "2010.01.03"]

1. e4 d5 2. exd5 Qxd5 3. Nc3 Qd6 4. d4 Nf6 5. Nf3 a6 6. Be2 Nbd7 7. Be3 e6 8.
Qd2 b5 9. a3 Bb7 10. O-O Be7 11. Rad1 Nb6 12. Ne5 O-O 13. f4 Nbd5 14. Nxd5 Nxd5
15. c3 Rad8 16. b4 Nxe3 17. Qxe3 a5 18. Bd3 axb4 19. axb4 Qd5 20. Qh3 f5 21.
Rfe1 Ra8 22. Be2 Qa2 23. Bxb5 Bd5 24. Re2 Qb3 25. Rde1 Ra3 26. Re3 Qc2 27. Bc6
Bxc6 28. Nxc6 Bd6 29. Qf3 h6 30. Na5 Rf6 31. Nc4 Rb3 32. g3 Kh7 33. Na5 Ra3 34.
Nc4 1/2-1/2

[Event "XXXII Weekend A Epifania"]
[Site "Torino ITA"]
[Date "2010.01.06"]
[Round "6"]
[White "Finocchiaro, Gianluca"]
[Black "Calavalle, Giulio"]
[Result "1-0"]
[WhiteElo "2041"]
[BlackElo "2263"]
[PlyCount "101"]
[EventDate "2010.01.03"]

1. e4 c5 2. c3 d6 3. d4 cxd4 4. cxd4 Nf6 5. Nc3 g6 6. Nf3 Bg7 7. h3 O-O 8. Be2
a6 9. a4 b6 10. O-O Bb7 11. Qd3 Nc6 12. Bg5 h6 13. Be3 e6 14. Rac1 Ne7 15. Rfd1
d5 16. e5 Ne4 17. Nd2 f5 18. exf6 Nxf6 19. Nf3 Qe8 20. Ne5 Nd7 21. Nb1 Nxe5 22.
dxe5 Bc6 23. Bxb6 Bxa4 24. b3 Bb5 25. Qd2 Nf5 26. Nc3 Bxe2 27. Qxe2 Qb8 28. Bc5
Rc8 29. b4 Qxe5 30. Qg4 Qf6 31. Na4 Rd8 32. Nb6 Rab8 33. Qe2 d4 34. Qxa6 e5 35.
Qa7 Qe6 36. Qa6 e4 37. Qb5 Rdc8 38. Qa5 e3 39. Re1 Re8 40. fxe3 Nxe3 41. Nc4
Nxc4 42. Rxe6 Nxa5 43. Rxe8+ Rxe8 44. bxa5 Rc8 45. a6 d3 46. Be3 Rxc1+ 47. Bxc1
Kf7 48. Kf1 Bd4 49. Ke1 Bc3+ 50. Kd1 Bd4 51. Kd2 1-0

[Event "C.to Provinciale LI"]
[Site "Livorno ITA"]
[Date "2010.01.09"]
[Round "1"]
[White "Senesi, Paolo"]
[Black "Bardi, Massimo"]
[Result "1/2-1/2"]
[WhiteElo "1661"]
[BlackElo "2055"]
[PlyCount "61"]
[EventDate "2010.01.09"]

1. Nf3 c5 2. e3 Nc6 3. d4 e6 4. c3 d5 5. Bb5 Bd7 6. Bd3 Nf6 7. Nbd2 Be7 8. O-O
Qb6 9. dxc5 Bxc5 10. Nb3 Bd6 11. Qe2 O-O 12. Nbd2 e5 13. e4 dxe4 14. Nxe4 Nxe4
15. Bxe4 f5 16. Bd5+ Kh8 17. Ng5 Be8 18. Be3 Qa5 19. Qc4 Nd8 20. Nxh7 f4 21.
Nxf8 Bxf8 22. Qe4 Nf7 23. Bxf7 Bxf7 24. Bd2 Re8 25. Rad1 Bd5 26. Qg6 Re6 27.
Qh5+ Rh6 28. Qxe5 Rg6 29. Qh5+ Rh6 30. Qf5 Bc5 31. Qc8+ 1/2-1/2